<?xml version="1.0" encoding="UTF-8"?>
<record
    xmlns:xsi="http://www.w3.org/2001/XMLSchema-instance"
    xsi:schemaLocation="http://www.loc.gov/MARC21/slim http://www.loc.gov/standards/marcxml/schema/MARC21slim.xsd"
    xmlns="http://www.loc.gov/MARC21/slim">

  <leader>02731    a2200409   4500</leader>
  <controlfield tag="001">60075</controlfield>
  <controlfield tag="005">20260407155853.0</controlfield>
  <controlfield tag="008">260407a1986    arg                 spa d</controlfield>
  <controlfield tag="003">AR-UNSa-BCEJYS</controlfield>
  <datafield tag="040" ind1=" " ind2=" ">
    <subfield code="a">AR-UNSa-BCEJYS</subfield>
    <subfield code="b">spa</subfield>
    <subfield code="c">AR-UNSa-BCEJYS</subfield>
  </datafield>
  <datafield tag="080" ind1=" " ind2=" ">
    <subfield code="a">342.516</subfield>
    <subfield code="x">Funciones, obligaciones, prerrogativas del jefe de estado en el ejercicio del poder ejecutivo</subfield>
  </datafield>
  <datafield tag="245" ind1="1" ind2="0">
    <subfield code="a">Atribuciones del Presidente Argentino</subfield>
  </datafield>
  <datafield tag="264" ind1=" " ind2="1">
    <subfield code="a">Buenos Aires :</subfield>
    <subfield code="b">Ediciones Depalma</subfield>
    <subfield code="c">1986</subfield>
  </datafield>
  <datafield tag="300" ind1=" " ind2=" ">
    <subfield code="a">xvi, 649 p.</subfield>
    <subfield code="c">23 cm.</subfield>
  </datafield>
  <datafield tag="505" ind1=" " ind2=" ">
    <subfield code="a">1. El ejecutivo presidencialista. Proceso hist&#xF3;rico-doctrinal que lleva a su nacimiento - 2. Perfil y atribuciones del Ejecutivo en los comienzos constitucionales argentinos (1810-1817) - 3. Atribuciones del poder Ejecutivo en el Congreso Constituyente de 1824/1827 - 4. Alberdi y las atribuciones del ejecutivo - 5. Algunas consideraciones acerca de las funciones del poder - 6. Sistematizaci&#xF3;n de las funciones del Ejecutivo en orden a sus atribuciones - 7. La jefatura administrativa del presidente de la Naci&#xF3;n - 8. La facultad reglamentaria y el orden constitucional argentino - 9. Delegaci&#xF3;n legislativa e incremento de atribuciones del Ejecutivo - 10. Participaci&#xF3;n del poder ejecutivo en la formaci&#xF3;n y sanci&#xF3;n de las leyes - 11. El Ejecutivo y el acuerdo del Senado - 12. Indulto y conmutaci&#xF3;n de penas - 13. El poder ejecutivo y el ejercicio del patronato - 14. El presidente y las sesiones del Congreso - 15. Atribuciones econ&#xF3;micas del Poder Ejecutivo nacional seg&#xFA;n la Constituci&#xF3;n nacional - 16. La jefatura militar- 17. El presidente y el estado de sitio - 18. Las atribuciones del Ejecutivo y los ministros - 19. La funci&#xF3;n de asesor&#xED;a en el ejercicio de la presidencia de la Rep&#xFA;blica - 20. El m&#xE9;todo comparativo y las atribuciones del ejecutivo - 21. Sociolog&#xED;a del Poder Ejecutivo (Esbozo de conceptualizaci&#xF3;n sistem&#xE1;tica).</subfield>
  </datafield>
  <datafield tag="041" ind1=" " ind2=" ">
    <subfield code="a">spa</subfield>
  </datafield>
  <datafield tag="942" ind1=" " ind2=" ">
    <subfield code="c">BK</subfield>
  </datafield>
  <datafield tag="590" ind1=" " ind2=" ">
    <subfield code="a">niveau_biblio:m niveau_hierar:0</subfield>
  </datafield>
  <datafield tag="100" ind1="1" ind2=" ">
    <subfield code="a">Instituto Argentino de Estudios Constitucionales y Pol&#xED;ticos</subfield>
  </datafield>
  <datafield tag="700" ind1="1" ind2=" ">
    <subfield code="a">P&#xE9;rez Guilhou, Dardo</subfield>
  </datafield>
  <datafield tag="700" ind1="1" ind2=" ">
    <subfield code="a">Calderon, Ra&#xFA;l Enoc</subfield>
  </datafield>
  <datafield tag="700" ind1="1" ind2=" ">
    <subfield code="a">Castorina de Tarquini, Mar&#xED;a Celia</subfield>
  </datafield>
  <datafield tag="700" ind1="1" ind2=" ">
    <subfield code="a">Eg&#xFC;es, Carlos Alberto</subfield>
  </datafield>
  <datafield tag="700" ind1="1" ind2=" ">
    <subfield code="a">Farrando, Ismael</subfield>
  </datafield>
  <datafield tag="700" ind1="1" ind2=" ">
    <subfield code="a">Giunta, Mar&#xED;a Luisa</subfield>
  </datafield>
  <datafield tag="700" ind1="1" ind2=" ">
    <subfield code="a">Luna, Eduardo Fernando</subfield>
  </datafield>
  <datafield tag="700" ind1="1" ind2=" ">
    <subfield code="a">Mart&#xED;nez Peroni, Jos&#xE9; Luis</subfield>
  </datafield>
  <datafield tag="700" ind1="1" ind2=" ">
    <subfield code="a">Ramella de Jefferies, Susana</subfield>
  </datafield>
  <datafield tag="700" ind1="1" ind2=" ">
    <subfield code="a">Godoy, Horacio H.</subfield>
  </datafield>
  <datafield tag="700" ind1="1" ind2=" ">
    <subfield code="a">Seghesso de L&#xF3;pez Arag&#xF3;n, Mar&#xED;a Cristina</subfield>
  </datafield>
  <datafield tag="700" ind1="1" ind2=" ">
    <subfield code="a">Segovia, Juan Fernando</subfield>
  </datafield>
  <datafield tag="700" ind1="1" ind2=" ">
    <subfield code="a">Seisdedos, Felipe</subfield>
  </datafield>
  <datafield tag="700" ind1="1" ind2=" ">
    <subfield code="a">Pelleriti, Gustavo Adolfo</subfield>
  </datafield>
  <datafield tag="700" ind1="1" ind2=" ">
    <subfield code="a">Sarmiento Garc&#xED;a, Jorge</subfield>
  </datafield>
  <datafield tag="700" ind1="1" ind2=" ">
    <subfield code="a">Soler Miralles, Julio E.</subfield>
  </datafield>
  <datafield tag="700" ind1="1" ind2=" ">
    <subfield code="a">Verstraete, Juan M.</subfield>
  </datafield>
  <datafield tag="999" ind1=" " ind2=" ">
    <subfield code="c">6877</subfield>
    <subfield code="d">6877</subfield>
  </datafield>
  <datafield tag="952" ind1=" " ind2=" ">
    <subfield code="0">0</subfield>
    <subfield code="1">0</subfield>
    <subfield code="4">0</subfield>
    <subfield code="7">0</subfield>
    <subfield code="a">BCEJYS</subfield>
    <subfield code="b">BCEJYS</subfield>
    <subfield code="c">16</subfield>
    <subfield code="d">2026-04-07</subfield>
    <subfield code="l">0</subfield>
    <subfield code="o">342.516 A882</subfield>
    <subfield code="p">L45339</subfield>
    <subfield code="r">2026-04-07 15:58:53</subfield>
    <subfield code="w">2026-04-07</subfield>
    <subfield code="y">L</subfield>
  </datafield>
</record>
